Sobre la racionalidad de la tecnología /

Đã lưu trong:
Chi tiết về thư mục
Tác giả chính: Reséndiz-Núñez, Daniel (autor)
Định dạng: Sách
Ngôn ngữ:Tiếng Tây Ban Nha
Được phát hành: México : UNAM, Coordinación de Humanidades, 1987, c1987
Các nhãn: Thêm thẻ
Không có thẻ, Là người đầu tiên thẻ bản ghi này!

MARC

LEADER 00000nam^a2200000^a^4500
001 000566906
005 20250521000000.0
009 20260310132116.169
020 |a 968-36-0269-X 
037 |a Acervo Xavier Clavigero 
041 |a ESP 
091 |a FPA. 01645 
100 |a Reséndiz-Núñez, Daniel  |e (autor) 
245 1 0 |a Sobre la racionalidad de la tecnología / 
264 4 |a México :  |b UNAM, Coordinación de Humanidades,  |c 1987, c1987 
300 |a 8 p. 
336 |a texto  |b txt  |2 rdacontenido 
337 |a sin mediación  |b n  |2 rdamedio 
338 |a volumen  |b nc  |2 rdasoporte 
649 |a XX 
910 |a Fondo José Ignacio Palencia Gómez S.J. 
920 |a Impresos - Libros 
930 |a Fondos Especiales 
905 |a 137 
901 |a 0500355882  |b IT2  |c ESL  |i D  |u 20250521 
902 |a https://opac.biblio.iteso.mx/vufind/Record/000566906